000 00603cab a2200229 4500
001 X1210
008 090401t1993 xxu||||| |||| 00| 0 eng d
035 _a(Sirsi) u15502
041 _aeng
245 _aRating of plant and machinery: a report by the Wood Committee
260 _c1993
350 _a0
490 _aThe Impugner (RICS Rating Diploma Holders` Section)
_vNovember 1993 (6)
650 _aMACHINERY
650 _aPLANT
650 _aREFORM
650 _aWOOD COMMITTEE REPORT
650 _aWOOD COMMITTEE
690 _aRATING AND VALUATION
942 _n0
948 _c04/03/1997
999 _c10174
_d10174